Převádíme videonahrávky z VHS na DVD /

Hlavní autor: Janeček, Vladislav, 1979-
Jazyk: Čeština
Vydáno: Brno : Computer Press, 2007
Vydání: Vyd. 1.
Témata:
Externí odkaz: Digitalizovaný dokument
Fyzický popis: 189 s. : il. ; 23 cm + 1 CD-ROM
Knihy
Uloženo v:
LEADER 01703nam a2200457 a 4500
001 nkc20071724942
003 CZ PrNK
005 20200711235009.0
007 ta
008 070619s2007 xr a e f 001 0 cze
015 |a cnb001724942 
020 |a 978-80-251-1581-7  |q (brož.) 
035 |a (OCoLC)187296963 
040 |a OLA001  |b cze  |d ABA001 
072 7 |a 004.9  |x Speciální počítačové metody. Počítačová grafika  |2 Konspekt  |9 23 
080 |a 778.534.45  |2 MRF 
080 |a 004.62.057.6  |2 MRF 
080 |a 004.085.4.072.3  |2 MRF 
080 |a (035)  |2 MRF 
100 1 |a Janeček, Vladislav,  |d 1979-  |7 mzk2002160573  |4 aut 
245 1 0 |a Převádíme videonahrávky z VHS na DVD /  |c Vladislav Janeček 
250 |a Vyd. 1. 
260 |a Brno :  |b Computer Press,  |c 2007 
300 |a 189 s. :  |b il. ;  |c 23 cm +  |e 1 CD-ROM 
500 |a Dotisk r. 2007 
504 |a Obsahuje bibliografii a rejstřík 
650 0 7 |a videozáznamy  |7 ph180739  |2 czenas 
650 0 7 |a konverze dat  |7 ph121826  |2 czenas 
650 0 7 |a vypalování DVD  |7 ph201895  |2 czenas 
650 0 9 |a video recording  |2 eczenas 
650 0 9 |a data conversion  |2 eczenas 
650 0 9 |a DVDs recording  |2 eczenas 
655 7 |a příručky  |7 fd133209  |2 czenas 
655 9 |a handbooks and manuals  |2 eczenas 
856 4 1 |u http://www.digitalniknihovna.cz/mzk/uuid/uuid:96188ce0-32a7-11ea-a83e-005056827e51  |y Digitalizovaný dokument  |x NDK 
910 2 |a BOA001  |b 2-1182.646 
990 |a BK 
995 |a 01 
991 |b 200707  |c NOV 
996 6 |b 2610315677  |c 2-1182.646  |l MZK  |r Sklad / do 1 hodiny  |n 0  |p p.v.  |w 000854637  |u 000010  |a 1  |e BOA001  |j MZK50  |s P 
996 7 |b 2610315678  |c 2-1182.646  |l MZK  |r Sklad / do 1 hodiny  |n 2  |p p.v.  |w 000854637  |u 000020  |a 1  |e BOA001  |j MZK50  |s A